000 00486nam a22001697a 4500
005 20251108164045.0
008 250721s2011 xx 000 0 ara d
082 1 4 _a370/رشي
100 1 _aالرشيدي، حسين الهدبة
245 1 0 _aمدخل إلى أصول التربية /
264 1 _aعمان :
_bدار حنين للنشر و التوزيع،
_c2011.
300 _a247ص.
650 1 7 _aالتربية
650 1 7 _aالتعلم
942 _2ddc
_cBK
999 _c2530
_d2530